Strengthening Public Service Delivery : Forging Ahead Together / (Record no. 27204)

000 -LEADER
fixed length control field 01299nam a22002777a 4500
001 - CONTROL NUMBER
control field 0000003871
003 - CONTROL NUMBER IDENTIFIER
control field PPM
005 - DATE AND TIME OF LATEST TRANSACTION
control field 20260420113808.0
008 - FIXED-LENGTH DATA ELEMENTS--GENERAL INFORMATION
fixed length control field 260420b ||||| |||| 00| 0 eng d
020 ## - INTERNATIONAL STANDARD BOOK NUMBER
International Standard Book Number 9833109136
Terms of availability RM 18.00
Qualifying information Paperback
035 ## - SYSTEM CONTROL NUMBER
System control number 0000003871
040 ## - CATALOGING SOURCE
Language of cataloging Eng
Transcribing agency Pusat Penyelidikan Mineral, Jabatan Mineral Dan Geosains Malaysia
Modifying agency PPM
Description conventions RDA
082 00 - DEWEY DECIMAL CLASSIFICATION NUMBER
Edition number 22
Classification number 351.595
Item number STR 2005
111 2# - MAIN ENTRY--MEETING NAME
Meeting name or jurisdiction name as entry element National Civil Service Conference (9th : 2004)
245 10 - TITLE STATEMENT
Title Strengthening Public Service Delivery : Forging Ahead Together /
Statement of responsibility, etc. edited by Malek Shah Hj. Mohd. Yusoff, Jamaluddin b. Hj Ahmad Damanhuri ; jointly organised by National Institute of Public Administration (INTAN) Public Service Department Malaysia, Administrative and Diplomatic Service Association (PPTD) Malaysia
260 #1 - PUBLICATION, DISTRIBUTION, ETC.
Place of publication, distribution, etc. Kuala Lumpur :
Name of publisher, distributor, etc. Institut Tadbiran Awam Negara,
Date of publication, distribution, etc. 2005
300 00 - PHYSICAL DESCRIPTION
Extent xxii, 156 pages .:
Other physical details illustrations .;
Dimensions 22 cm
650 10 - SUBJECT ADDED ENTRY--TOPICAL TERM
Topical term or geographic name entry element Civil service
General subdivision Congresses
650 20 - SUBJECT ADDED ENTRY--TOPICAL TERM
Topical term or geographic name entry element Administrative agencies
General subdivision Congresses
650 20 - SUBJECT ADDED ENTRY--TOPICAL TERM
Topical term or geographic name entry element Public administration
General subdivision Congresses
700 1# - ADDED ENTRY--PERSONAL NAME
Personal name Malek Shah Hj. Mohd Yusoff
Relator term editor
700 1# - ADDED ENTRY--PERSONAL NAME
Personal name Jamaluddin b. Hj Ahmad Damanhuri
Relator term editor
710 2# - ADDED ENTRY--CORPORATE NAME
Corporate name or jurisdiction name as entry element Institut Tadbiran Awam Negara
710 2# - ADDED ENTRY--CORPORATE NAME
Corporate name or jurisdiction name as entry element Persatuan Perkhidmatan Tadbir dan Diplomatik
942 ## - ADDED ENTRY ELEMENTS (KOHA)
Source of classification or shelving scheme
Koha item type Books
Holdings
Withdrawn status Lost status Source of classification or shelving scheme Damaged status Not for loan Collection code Permanent Location Current Location Shelving location Date acquired Cost, normal purchase price Total Checkouts Full call number Date last seen Price effective from Koha item type
Available         Open Shelf PPM PPM Open Shelf 20/04/2026 18.00   351.595 STR 2005 20/04/2026 20/04/2026 Books